Denvention 3 : the 66th World Science Fiction Convention, August 6-10, 2008, Denver, Colorado : [program book].

Bibliographic Details
Corporate Authors: Denvention Denver, Colo., World Science Fiction Convention
Other Authors: Bujold, Lois McMaster (honouree.), Sternbach, Rick (honouree.), Mar, Kathy (honouree.), McCarthy, Wil
Format: Conference Proceeding Book
Language:English
Published: [Denver, Colo.] : [Denvention 3], [2008]
Subjects:

MARC

Tag First Indicator Second Indicator Subfields
LEADER 00000cam a2200000Ki 4500
001 in00003813613
005 20170926113536.0
008 160825s2008 coua 100 0 eng d
035 |a (OCoLC)ocn957278609 
035 |a (OCoLC)957278609 
040 |a COV  |b eng  |e rda  |c COV  |d OCLCO  |d OCLCF  |d OCLCQ  |d TXA  |d UtOrBLW 
049 |a TXAM 
050 4 |a PN3433.2  |b .D46 2008 
111 2 |a Denvention  |n (3rd :  |d 2008 :  |c Denver, Colo.) 
245 1 0 |a Denvention 3 :  |b the 66th World Science Fiction Convention, August 6-10, 2008, Denver, Colorado : [program book]. 
246 3 |a Denvention three 
246 3 |a 66th World Science Fiction Convention 
246 3 |a Sixty-sixth World Science Fiction Convention 
264 1 |a [Denver, Colo.] :  |b [Denvention 3],  |c [2008] 
300 |a 164 pages :  |b illustrations ;  |c 28 cm 
336 |a text  |b txt  |2 rdacontent 
337 |a unmediated  |b n  |2 rdamedia 
338 |a volume  |b nc  |2 rdacarrier 
500 |a Guest of Honor: Lois McMaster Bujold ; Artist Guest of Honor, Rick Sternbach ; Music Guest of Honor, Kathy Mar ; Toastmaster: Wil McCarthy. 
650 0 |a Science fiction  |v Congresses. 
650 7 |a Science fiction.  |2 fast  |0 (OCoLC)fst01108566 
655 7 |a Conference papers and proceedings.  |2 fast  |0 (OCoLC)fst01423772 
700 1 |a Bujold, Lois McMaster,  |e honouree.  |0 http://id.loc.gov/authorities/names/n85225298 
700 1 |a Sternbach, Rick,  |e honouree.  |0 http://id.loc.gov/authorities/names/n80005349 
700 1 |a Mar, Kathy,  |e honouree.  |0 http://id.loc.gov/authorities/names/no2006004969 
700 1 |a McCarthy, Wil.  |0 http://id.loc.gov/authorities/names/no94028063 
711 2 |a World Science Fiction Convention  |n (66th :  |d 2008 :  |c Denver, Colo.) 
948 |a cataloged  |b h  |c 2017/3/15  |d c  |e ljohnson  |f 3:54:00 pm 
994 |a C0  |b TXA 
999 f f |s 61c1c14a-f821-3ec9-ae49-81d376c77387  |i 59333221-6d1b-389f-ae46-c83f33d41fe0  |t 0 
952 f f |p noncirc  |a Texas A&M University  |b College Station  |c Cushing Memorial Library & Archives  |d Cushing: Science Fiction (Does not check out)  |t 0  |e PN3433.2 .D46 2008  |h Library of Congress classification  |i unmediated -- volume 
998 f f |a PN3433.2 .D46 2008  |t 0  |l Cushing: Science Fiction (Does not check out)